al-Ḥarakah al-taʻāwunīyah / (Record no. 46236)

MARC details
000 -LEADER
fixed length control field 00695cam a22002171a 4500
001 - CONTROL NUMBER
control field ne 63001817
003 - CONTROL NUMBER IDENTIFIER
control field DLC
005 - DATE AND TIME OF LATEST TRANSACTION
control field 20260227111750.0
008 - FIXED-LENGTH DATA ELEMENTS--GENERAL INFORMATION
fixed length control field 920106q19601969ua 000 0 ara c
010 ## - LIBRARY OF CONGRESS CONTROL NUMBER
LC control number ne 63001817
035 ## - SYSTEM CONTROL NUMBER
System control number (OCoLC)25053806
040 ## - CATALOGING SOURCE
Original cataloging agency Princeton Univ. Libr. for DLC
Transcribing agency MWalB
Modifying agency MWalB
-- DLC
042 ## - AUTHENTICATION CODE
Authentication code premarc
050 00 - LIBRARY OF CONGRESS CALL NUMBER
Classification number HD2961
Item number .U45
100 1# - MAIN ENTRY--PERSONAL NAME
Personal name ʻUmar, Maḥmūd Fatḥī.
245 13 - TITLE STATEMENT
Title al-Ḥarakah al-taʻāwunīyah /
Statement of responsibility, etc. bi-qalam Maḥmūd Fatḥī ʻUmar.
260 ## - PUBLICATION, DISTRIBUTION, ETC.
Place of publication, distribution, etc. [al-Qāhirah :
Name of publisher, distributor, etc. al-Dār al-Qawmīyah lil-Ṭibāʻah wa-al-Nashr,
Date of publication, distribution, etc. 196-]
300 ## - PHYSICAL DESCRIPTION
Extent 66 p. ;
Dimensions 19 cm.
490 0# - SERIES STATEMENT
Series statement Ikhtaranā lil-filāl wa-al-ʻāmil ;
Volume/sequential designation 33
650 #0 - SUBJECT ADDED ENTRY--TOPICAL TERM
Topical term or geographic name entry element Cooperation.

No items available.

Powered by Koha